Statistics for Hunger Games: Characters by Picture Clue

Click here to take the quiz!

General Stats

  • This quiz has been taken 131 times
  • The average score is 8 of 16

Answer Stats

Answer% Correct
Katniss
100%
Peeta
94%
President Snow
85%
Finnick
77%
Effie
69%
Haymitch
66%
Prim
56%
Clove
52%
Johanna
52%
Beetee
46%
President Coin
45%
Rue
36%
Gale
26%
Flavius
8%
Lucy Gray Baird
3%
Cressida
1%

Score Distribution

Percentile by Number Answered

Percent of People with Each Score

Your Score History

You have not taken this quiz